Statistics for 10 Countries That May Become Independent In the Next 20 Years

Click here to take the quiz!

General Stats

  • This quiz has been taken 296 times
  • The average score is 5 of 10

Answer Stats

Country it Currently Belongs ToNew Country% Correct
United KingdomScotland
96%
DenmarkGreenland
82%
Turkey, Iran, Syria, and IraqKurdistan
76%
SpainCatalonia
72%
CanadaQuebec
63%
DenmarkFaroe Islands
58%
FranceNew Caledonia
26%
Papua New GuineaBougainville
17%
ItalyVeneto
13%
United KingdomAnguilla
6%

Score Distribution

Percentile by Number Answered

Percent of People with Each Score

Your Score History

You have not taken this quiz